Disputed Countries - Statistics

General Stats
  • This quiz has been taken 49 times
  • The average score is 4 of 8
Answer Stats
Hint Answer % Correct
Europe Kosovo
80%
Africa Western sahara
80%
Asia Taiwan
75%
Africa Somaliland
66%
Asia Abkhazia
45%
Europe South ossetia
39%
Europe Transnistria
39%
Asia Northern cyprus
25%
No matching quizzes found
Score Distribution
Percent of People with Each Score
Percentile by Number Answered
Your Score History
You have not taken this quiz